World economic prospects : a planner's guide to international market conditions.

Bibliographic Details
Format: Book
Published: London: Euromonitor, 2002.
Edition:3rd ed.
Subjects:
LEADER 00444cam a2200145 7i4500
001 0000011617
005 20030106090000.0
020 0 0 |a 18642642545  
090 0 0 |a I 338.9   |b WOR 
245 0 0 |a World economic prospects :   |b a planner's guide to international market conditions. 
250 0 0 |a 3rd ed. 
260 0 0 |a London:   |b Euromonitor,   |c 2002. 
300 # # |a 260 p. 
650 0 0 |a Economic conditions  
999 |a B000014078  |b Book  |c International  |e Business Information Centre